000 01580cam a22004454i 4500
003 PE-LiUPU
005 20250731165546.0
008 150625s r 000 0 d
035 _a(Sirsi) a33940
035 _a(Sirsi) a33940
040 _aPE-LiUPU
_bspa
_cPE-LiUPU
_erda
082 0 4 _a985.04
_bD
_223
100 1 _aOrtiz de Zevallos Paz Soldán, Carlos,
_d1908-1993,
_eautor.
245 1 4 _aLos Ideólogos :
_nvolumen 11.
_bJosé María de Pando /
_crecopilación, investigación y prólogo [de] Carlos Ortiz de Zevallos Paz Soldán.
264 1 _aLima :
_bComisión Nacional del Sesquicentenario de la Independencia del Perú,
_c1974.
300 _a799 páginas ;
_c24 cm.
336 _atext
_2rdacontent
337 _aunmediated
_2rdamedia
338 _avolume
_2rdacarrier
490 0 _aColección Documental de la Independencia del Perú ;
_vt1
526 _aSEG44
526 _aSEG26
526 _aP151
526 _aP150
526 _aP149
526 _aP146
526 _aP145
526 _aP126
526 _aP125
526 _aP92
526 _aP75
526 _aP74
526 _aP27
526 _aP15
600 1 _aPando, José María de.
_d1787-1840
_xEmbajadores y diplomáticos peruanos
_vCorrespondencias y reminiscencias, etc.
942 _2ddc
_cBK
949 _aRC 985 D 1 / 11
_wDEWEY
_c1
_i16974
_lRC
_mBUL
_r0
_sY
_tBOOK
_u2015-6-25
_xBIBLIOTECA
_zUNKNOWN
_0COMPRA
_o.CIRCNOTE. No olvidar cambiar la fecha de devolución!!!!!!!
_o.STAFF. Colección General
980 _81
_gALBERTO SANCHEZ Responsable de Automatización
999 _c41743
_d41743